000 00296nam a22001337a 4500
020 _a978-81-226-0606-5
082 _a894.812
_bVAS/K
100 _aM.T.VASUDEVAN NAIR
245 _aPAZHASSIRAJA
260 _aTHRISSUR
_bCURRENT BOOKS
_c2010
300 _a143
500 _aPAZHASSIRAJA
942 _cBK
999 _c7788
_d7788